Kazuyo Sejima Ryue Nishizawa, 1987-2006 / (Record no. 354175)

000 -LEADER
fixed length control field 01377cam a2200421Ia 4500
001 - CONTROL NUMBER
control field 5542133
003 - CONTROL NUMBER IDENTIFIER
control field OSt
005 - DATE AND TIME OF LATEST TRANSACTION
control field 20180116192433.0
008 - FIXED-LENGTH DATA ELEMENTS--GENERAL INFORMATION
fixed length control field 060124s2005 ja a 000 0 eng d
020 ## - INTERNATIONAL STANDARD BOOK NUMBER
International Standard Book Number 4871404269
020 ## - INTERNATIONAL STANDARD BOOK NUMBER
International Standard Book Number 1921352056677
020 ## - INTERNATIONAL STANDARD BOOK NUMBER
International Standard Book Number 9784871404266
035 ## - SYSTEM CONTROL NUMBER
System control number (OCoLC)ocm63147325
035 ## - SYSTEM CONTROL NUMBER
System control number (NNC)5542133
040 ## - CATALOGING SOURCE
Original cataloging agency IAH
Transcribing agency IAH
Modifying agency IAH
-- NNC
041 0# - LANGUAGE CODE
Language code of text/sound track or separate title engjpn
082 ## - DEWEY DECIMAL CLASSIFICATION NUMBER
Classification number 720.92
090 ## - LOCALLY ASSIGNED LC-TYPE CALL NUMBER (OCLC); LOCAL CALL NUMBER (RLIN)
Classification number (OCLC) (R) ; Classification number, CALL (RLIN) (NR) NA1555.S45
Local cutter number (OCLC) ; Book number/undivided call number, CALL (RLIN) K39x 2005
100 1# - MAIN ENTRY--PERSONAL NAME
Personal name Sejima, Kazuyo,
Dates associated with a name 1956-
9 (RLIN) 8559
245 10 - TITLE STATEMENT
Title Kazuyo Sejima Ryue Nishizawa, 1987-2006 /
Statement of responsibility, etc. edited by Yukio Futagawa ; essay by Ryue Nishizawa.
246 18 - VARYING FORM OF TITLE
Title proper/short title Kazuyo Sejima + Ryue Nishizawa 1987-2006
260 ## - PUBLICATION, DISTRIBUTION, ETC.
Place of publication, distribution, etc. Tokyo :
Name of publisher, distributor, etc. A.D.A. Edita,
Date of publication, distribution, etc. 2005.
300 ## - PHYSICAL DESCRIPTION
Extent 213 p. :
Other physical details ill. ;
Dimensions 30 x 31 cm.
490 1# - SERIES STATEMENT
Series statement GA architect ;
Volume/sequential designation 18
500 ## - GENERAL NOTE
General note Text in English and Japanese.
600 10 - SUBJECT ADDED ENTRY--PERSONAL NAME
Personal name Sejima, Kazuyo,
Dates associated with a name 1956-
9 (RLIN) 8560
600 10 - SUBJECT ADDED ENTRY--PERSONAL NAME
Personal name Nishizawa, Ryūe,
Dates associated with a name 1966-
9 (RLIN) 8561
650 #0 - SUBJECT ADDED ENTRY--TOPICAL TERM
Topical term or geographic name entry element Architecture
Geographic subdivision Japan
General subdivision History
Chronological subdivision 20th century.
9 (RLIN) 8562
650 #0 - SUBJECT ADDED ENTRY--TOPICAL TERM
Topical term or geographic name entry element Architecture
Geographic subdivision Japan
General subdivision History
Chronological subdivision 21st century.
9 (RLIN) 8563
650 #0 - SUBJECT ADDED ENTRY--TOPICAL TERM
Topical term or geographic name entry element Architecture, Modern
Chronological subdivision 20th century.
9 (RLIN) 8564
650 #0 - SUBJECT ADDED ENTRY--TOPICAL TERM
Topical term or geographic name entry element Architects
Geographic subdivision Japan.
9 (RLIN) 8565
700 1# - ADDED ENTRY--PERSONAL NAME
Personal name Futagawa, Yukio,
Dates associated with a name 1932-2013.
9 (RLIN) 8566
700 1# - ADDED ENTRY--PERSONAL NAME
Personal name Nishizawa, Ryūe,
Dates associated with a name 1966-
9 (RLIN) 8567
830 #0 - SERIES ADDED ENTRY--UNIFORM TITLE
Uniform title GA architect ;
Volume/sequential designation 18.
9 (RLIN) 8568
942 ## - ADDED ENTRY ELEMENTS (KOHA)
Source of classification or shelving scheme
Koha item type Book
948 1# - LOCAL PROCESSING INFORMATION (OCLC); SERIES PART DESIGNATOR (RLIN)
Series part designator, SPT (RLIN) 20060214
b (OCLC) c
c (OCLC) fra1
d (OCLC) SCMC
Holdings
Withdrawn status Lost status Source of classification or shelving scheme Damaged status Not for loan Permanent Location Current Location Date acquired Total Checkouts Full call number Barcode Date last seen Cost, replacement price Price effective from Koha item type
          School of Art Design and Architecture (SADA) School of Art Design and Architecture (SADA) 04/20/2016   REF 720.92 SEJ 2005 SADA0002583 01/05/2017 22900.80 01/05/2017 Reference
© 2023 Central Library, National University of Sciences and Technology. All Rights Reserved.